Liu Bei : Shu Han Zhao lie di (Chinese)

Bibliographic Details
Main Author: Hong, Zhao
Format: Book
Published: Beijing : Zhongguo chang'an chu ban she , 2007
Series:Shi shi qiu shi shuo di wang
Subjects:

MARC

LEADER 00000cam a2200000 7i4500
001 0000021618
005 20080721.0
008 080721
020 |a 7801755483 
090 0 0 |a 951.022092   |b HON 
100 1 |a Hong, Zhao 
245 1 0 |a Liu Bei :   |b Shu Han Zhao lie di (Chinese)   |c Hong Zhao Zhu 
260 |a Beijing :   |b Zhongguo chang'an chu ban she ,   |c 2007 
440 |a Shi shi qiu shi shuo di wang 
650 0 |a China   |x Kings and rules   |x Biography 
650 0 |a Liu,Bei, 161-223 
999 |a 0001031136   |b Book   |c Chinese Collection   |e Perbadanan Perpustakaan Awam Johor